| 000 | 00650nam a2200217 a 4500 | ||
|---|---|---|---|
| 001 | 000022638 | ||
| 005 | 20200930021718.0 | ||
| 008 | 101014s2007 cu 000 0 spa d | ||
| 020 | _a9789590609329 | ||
| 040 |
_aDO-SdBNP _bspa _cBNPHU |
||
| 082 |
_axxx _bL135m |
||
| 100 | 1 |
_aLachatañeré, Rómulo _946588 |
|
| 245 | 1 | 0 |
_aManual de santería / _cRómulo Lachatañeré; edición Yariley Hernández Tamayo. |
| 250 | _a2a ed. | ||
| 260 |
_aLa Habana : _bEditorial de Ciencia Sociales, _c2007. |
||
| 300 |
_a69 p. ; _c19 cm. |
||
| 490 | 1 | _aEchu Bi | |
| 700 | 1 |
_aHernández Tamayo, Yariley _eed. _946589 |
|
| 830 | 0 |
_aEchu Bi _927345 |
|
| 049 | _aBNPD | ||
| 999 |
_c22135 _d22135 |
||